| 000 | 01537cam a22004217a 4500 | ||
|---|---|---|---|
| 001 | 000093564 | ||
| 003 | CHAP | ||
| 005 | 20220817044019.0 | ||
| 008 | 050408d2005 mx b r 00110 spa d | ||
| 010 | _a90030 | ||
| 011 | _a91002 | ||
| 035 | _a101559 | ||
| 040 | _cCHAP | ||
| 090 | _aTesis | ||
| 100 | 0 | 0 |
_aLópez García, Alma Delia. _967891 |
| 245 | 1 | 0 |
_aEstimación de la erosión hídrica para diferentes escenarios de manejo en la microcuenca "El calabozo" municipio de Morelia, Michoacán / _c/por Alma Delia López García. |
| 260 |
_aChapingo, Méx. : _bEl autor, _c2005. |
||
| 300 |
_a99 h. ; : _bgráfs, ; mapas. |
||
| 502 | _aTesis (Ing. Agr. Esp. en Suelos) -- UACH. Departamento de Suelos | ||
| 590 |
_aALEPH _b10 _c20130110 _lUCH01 _h1505 |
||
| 590 |
_aBATCH-UPD _b10 _c20130110 _lUCH01 _h1419 |
||
| 590 |
_aBATCH-UPD _b10 _c20130410 _lUCH01 _h0902 |
||
| 590 |
_aBATCH-UPD _b10 _c20130914 _lUCH01 _h1112 |
||
| 590 |
_aBATCH-UPD _b10 _c20140324 _lUCH01 _h1450 |
||
| 590 |
_aBATCH-UPD _b10 _c20141002 _lUCH01 _h0826 |
||
| 590 |
_aCONVERSION _b10 _c20130109 _lUCH01 _h1350 |
||
| 590 |
_aE5765TAJ _b10 _c20130614 _lUCH01 _h1409 |
||
| 650 | 1 | 4 |
_aCuencas. _930085 |
| 650 | 1 | 4 | _aErosión hídrica. |
| 650 | 1 | 4 |
_aEscurrimiento. _937675 |
| 856 |
_3Finding aid _uhttp://10.13.5.2/tesis/101559.pdf _zTeclea aquí |
||
| 901 | _aBK | ||
| 905 | _aAlejandra Carrasco M. | ||
| 942 | _cCD | ||
| 942 | _n0 | ||
| 949 |
_aTesis _bBC _cTES _d1015591 _eTS1 _h43485 _i101559 _sb |
||
| 949 |
_aTesis _bBC _cTES _d33724000798633 _eTS2 _fc.2 _h43486 _i101559 _si |
||
| 999 |
_c90030 _d90030 |
||